Protocols. Annexed to the treaty of ecowas

Guardat en:
Dades bibliogràfiques
Autor corporatiu: Economic community of west african states
Format: Text
Publicat: s.l.: s.e.
Etiquetes: Afegir etiqueta
Sense etiquetes, Sigues el primer a etiquetar aquest registre!

MARC

LEADER 00000 a a2200000 04500
001 23158
003
040
090 |a 159900  
110 |a Economic community of west african states  
245 |a Protocols. Annexed to the treaty of ecowas  
260 |a s.l.:   |b s.e.  
300 |a 103 p.  
999 |c 12287  |d 12287